000 00214 a2200097 4500
001 18173
100 _aHanifi M A
245 _aSurvey of muslim Inst & culture
260 _a
_bSh M Ashraf
_c
090 _c13467
_d13467
942 _aNUST-CAE
_cM
_c3855
999 _c253246
_d253246